| 000 | 00515 a2200181 4500 | ||
|---|---|---|---|
| 003 | Nust | ||
| 005 | 20170207153118.0 | ||
| 010 | _a 99462119 | ||
| 020 | _a0060196122 (alk. paper) | ||
| 040 | _cNust | ||
| 082 | 0 | 0 | _a823 |
| 100 | 1 | _aCoelho, Paulo. | |
| 245 | 1 | 0 |
_aVeronika decides to die / _cPaulo Coelho ; translated from the Portuguese by Margaret Jull Costa. |
| 250 | _a1st U.S. ed. | ||
| 260 |
_aNew York : _bHarperCollins Publishers, _cc1999. |
||
| 300 |
_a210 p. ; _c22 cm. |
||
| 538 | _aAlmirah No.58 Shelf No.5 | ||
| 942 |
_2ddc _cBK |
||
| 999 |
_c179345 _d179345 |
||